Facultad de Odontología.  Biblioteca.  Nodo central                      



header.jpg

Derechos humanos: (Registro nro. 154)

Detalles MARC
000 -LEADER
campo de control de longitud fija 00524nam a22001697a 4500
005 - FECHA Y HORA DE LA ÚLTIMA TRANSACCIÓN
campo de control 20220114182340.0
008 - DATOS DE LONGITUD FIJA--INFORMACIÓN GENERAL
campo de control de longitud fija 220114b |||||||| |||| 00| 0 sp d
040 ## - FUENTE DE CATALOGACIÓN
Centro catalogador/agencia de origen CUSACQ
Centro/agencia transcriptor CUSACQ
041 ## - CÓDIGO DE IDIOMA
Código de lengua del texto/banda sonora o título independiente spa
082 ## - NÚMERO DE LA CLASIFICACIÓN DECIMAL DEWEY
Número de clasificación S.G. 323 D431
110 ## - ENTRADA PRINCIPAL--NOMBRE DE ENTIDAD CORPORATIVA
Nombre de entidad corporativa o nombre de jurisdicción como elemento de entrada Procuradoria de los Derechos Humanos
9 (RLIN) 340
245 ## - MENCIÓN DEL TÍTULO
Título Derechos humanos:
Resto del título Nociones fundamentales y métodos para su vigilancia. /
260 ## - PUBLICACIÓN, DISTRIBUCIÓN, ETC.
Lugar de publicación, distribución, etc. Guatemala:
Nombre del editor, distribuidor, etc. MINUGUA,
Fecha de publicación, distribución, etc. c2004.
300 ## - DESCRIPCIÓN FÍSICA
Extensión 187 p.;
Otras características físicas il.;
Dimensiones 25 cm.
650 ## - PUNTO DE ACCESO ADICIONAL DE MATERIA--TÉRMINO DE MATERIA
Término de materia o nombre geográfico como elemento de entrada Garantias - Constitucionales
9 (RLIN) 252
942 ## - ELEMENTOS DE ENTRADA SECUNDARIOS (KOHA)
Fuente del sistema de clasificación o colocación Clasificación Decimal Dewey
Tipo de ítem Koha Libros
Suprimir en OPAC No
Existencias
Estatus retirado Estado de pérdida Fuente del sistema de clasificación o colocación Estado de daño No para préstamo Código de colección Biblioteca de origen Biblioteca actual Fecha de adquisición Número de inventario Total de préstamos Signatura topográfica completa Código de barras Visto por última vez Precio de reemplazo Tipo de ítem Koha
    Clasificación Decimal Dewey     No ficción Biblioteca del Centro Universitario de Quiché Biblioteca del Centro Universitario de Quiché 14/01/2022 IVGL00017   S.G. 323 D431 500010 14/01/2022 14/01/2022 Libros